000 01112nam a2200241 a 4500
001 BRCA_8918
005 20190320210446.0
008 220617s1773----sp-#######---#000-0#spa-#
041 _aspa
044 _asp
084 _aCO88
_b.F49 1773
100 1 _aFeyjoó y Montenegro, Benito Geronymo
_d1676 - 1764
_921713
245 1 0 _aTeatro critico universal, o discursos varios en todo género de materias, para desengaño de errores comunes
_cescrito por el muy ilustre señor D. Fr. Benito Geronymo Feyjoó y Montenegro.
260 _aMadrid
_bpor D. Joachin Ibarra, Impresor de Cámara de S. M.
_c1773
300 _aXXXII, 439 p. (t.2)
_c21.4 x 15.5 cm
500 _aCon las licencias necesarias
500 _aEstado físico: presenta encuadernación en pergamino deteriorado, carece de cintas y con presencia del pez de plata
500 _aEn portada: A costa de la Real Compañía de Impresores. y Libreros
500 _aEn portada: Nueva impresión, en la qual van puestas las adiciones del suplemento en sus lugares.
650 1 4 _aTeatro
_ySiglo XVIII
_zEspaña
_922177
902 _aCFM
942 _2lcc
_cB
999 _c8569
_d8569